000 01350nam a2200253Ia 4500
003 Ost
005 20260507075545.0
008 260507s9999||||xx |||||||||||||| ||und||
020 _a9774080254
040 _cfsecg
041 _aara
082 _a658.8
100 _aليدستون، جون
_eمؤلف
245 0 _aالخطط التسويقية في مجال الصناعات الدوائية /
_c جون ليدستون
246 _aMarketing Planning for the Pharmaceutical Industry
260 _aالقاهرة:
_bدار الفاروق للنشر والتوزيع,
_c2006
300 _a232 صفحة؛
_bإيضاحات ؛
_c24 سم
504 _aكشاف مصطلحات ص.215
520 _aيضم الخطة التسويقية، التحليل الخارجي، التحليل الداخلي، تحليل مواطن القوة والضعف والفرص المتاحة والتهديدات المحتملة، استراتيجية المنتج، استراتيجية المبيعات والتنبؤ، الإتصالات ودورها في تنفيذ الإستراتيجية، بحوث التسويق، التنفيذ والمراقبة، كتابة الخطة التسويقية
653 _aالأدوية- تسويق
653 _aالتسويق
700 _aماكلنيين، جانيس
_eمؤلف ثانوي
942 _cكتاب
999 _c44885
_d44885